Promoting Health: a practical guide (Record no. 4513)

MARC details
000 -LEADER
fixed length control field 00588nam a22002177a 4500
003 - CONTROL NUMBER IDENTIFIER
control field OSt
005 - DATE AND TIME OF LATEST TRANSACTION
control field 20160627191423.0
008 - FIXED-LENGTH DATA ELEMENTS--GENERAL INFORMATION
fixed length control field 160627b xxu||||| |||| 00| 0 eng d
020 ## - INTERNATIONAL STANDARD BOOK NUMBER
International Standard Book Number 9780702031397
040 ## - CATALOGING SOURCE
Transcribing agency DNLM
082 ## - DEWEY DECIMAL CLASSIFICATION NUMBER
Classification number WA900 S31p 2010
100 ## - MAIN ENTRY--PERSONAL NAME
Personal name Scriven, Angela
9 (RLIN) 9683
245 ## - TITLE STATEMENT
Title Promoting Health: a practical guide
250 ## - EDITION STATEMENT
Edition statement 6th ed.
260 ## - PUBLICATION, DISTRIBUTION, ETC. (IMPRINT)
Place of publication, distribution, etc. Edinburgh; Elsevier, 2010
300 ## - PHYSICAL DESCRIPTION
Extent xiii,251p; col.ill: 25cm
504 ## - BIBLIOGRAPHY, ETC. NOTE
Bibliography, etc References, glossary, & index included
650 ## - SUBJECT ADDED ENTRY--TOPICAL TERM
Topical term or geographic name as entry element Health Promotion
9 (RLIN) 2077
650 ## - SUBJECT ADDED ENTRY--TOPICAL TERM
Topical term or geographic name as entry element Public health
9 (RLIN) 2243
942 ## - ADDED ENTRY ELEMENTS (KOHA)
Source of classification or shelving scheme Other/Generic Classification Scheme
Koha item type Open Shelf
Holdings
Withdrawn status Lost status Source of classification or shelving scheme Damaged status Not for loan Home library Current library Date acquired Source of acquisition Inventory number Total Checkouts Full call number Barcode Date last seen Koha item type
    Other/Generic Classification Scheme     MUST Main Library MUST Main Library 27/06/2016   15/39445   WA900 S31p 2010 2016-2794 27/06/2016 Open Shelf
    Other/Generic Classification Scheme     MUST Main Library MUST Main Library 07/10/2016   16/39980   WA900 S31p 2010 2016-4648 07/10/2016 Open Shelf
    Other/Generic Classification Scheme     MUST Main Library MUST Main Library 07/10/2016   16/39981   WA900 S31p 2010 2016-4649 07/10/2016 Open Shelf
    Other/Generic Classification Scheme     MUST Main Library MUST Main Library 10/10/2016   16/39982   WA900 S31p 2010 2016-4673 10/10/2016 Open Shelf